000 00332nam a22001457a 4500
008 210305b ||||| |||| 00| 0 eng d
020 _a0716711036
041 _aeng
080 _22nd
_a510
082 _2510
100 _a36
101 _aMAT
245 _aEuclidean and Non-Euclidean geometries
_cGreenber,J.M
942 _2udc
_cBK
999 _c55820
_d55820